Практикум по микробиология с вирусология (Запис номер 35117)
[ съкратено ]
| 000 -Лидер | |
|---|---|
| Контролно поле с фиксирана дължина | nam a22 a 4500 |
| 003 - Код на организацията, давaща контролен номер | |
| Контролно поле | BLK |
| 005 - Дата и час на последна редакция | |
| Контролно поле | 20221026152406.0 |
| 008 - Елементи от данни с фиксирана дължина | |
| fixed length control field | 180408b bul|||||r ||||||| ||bul|| |
| 040 ## - Източник на каталожния запис | |
| Идентификатор на билиотеката - собственик на записа | BLK |
| 041 ## - Код за език | |
| Код за езика на текст/звукозапис или на отделно заглавие | Български |
| Код за езика КДБФ | Български |
| 080 ## - УДК | |
| Текстов определител УДК | Микробиология. Вж и 663 |
| УДК код - определител по УДК | 579 |
| УДК определител | (075.8) |
| УДК - код + определител | 579(075.8) |
| 100 1# - Редна дума - Автор | |
| Автор | Гущеров, Георги К. |
| Авторска отговорност | първи автор |
| R(LIN) | 274118 |
| 139 ## - Редно поле | |
| Редна дума | Практикум по микробиология с вирусология |
| Авторски знак | Правилн - П 84 |
| 245 10 - Сведения за заглавието | |
| Заглавие | Практикум по микробиология с вирусология |
| Подзаглавни данни | За студенти-биолози |
| Редно поле (дума) | Георги К. Гущеров. |
| 250 ## - Област на изданието | |
| Сведения за изданието | 2. доп. изд. |
| 257 ## - Страна на издаване | |
| Страна на създаване/издаване | България |
| 260 ## - Област на издателските данни | |
| Място на издаване, разпространение и проч. | София |
| Име на издателя, разпространителя и проч. | Наука и изкуство |
| Година на издаване | 1977 |
| Печатница | Варна : Ст. Добрев-Странджата |
| 300 ## - Физическа характеристика | |
| Страници | 395 с. |
| Илюстрации и др. | с ил., табл., диагр. |
| Размери/Мащаб | 22 см |
| 380 ## - Жанр | |
| Жанр | Естествени науки. Математика |
| 500 ## - Общи забележки | |
| Забележка | Други авт. : Петър Андонов, Цони Тодоров, Любомир Коминков, Марийка Гинчева-Старчева. - 1. изд. 1970 с авт. Георги К. Гущеров, Цаню П. Тодоров, Любомир П. Коминков и загл. Практикум по микробиология. - 2 075 тир. |
| 650 #4 - Допълнително описание по предмет – тема | |
| Основно описание – тема или топоним | Микробиология - учебници за ВУЗ |
| 9 (RLIN) | 242072 |
| 650 #4 - Допълнително описание по предмет – тема | |
| Основно описание – тема или топоним | Вирусология - учебници за ВУЗ |
| 9 (RLIN) | 150764 |
| 653 ## - Ключова дума – ненормативна | |
| Ключова дума | учебници за ВУЗ |
| 852 ## - Местоположение | |
| Форматна сигнатура | Цб 85265 |
| 856 4# - Електронен адрес и достъп | |
| Електронен формат | pdf - файл |
| Инструкция (цена за достъп) | 0.00 |
| Права за достъп | disable |
| 856 4# - Електронен адрес и достъп | |
| Електронен формат | pdf - файл |
| Инструкция (цена за достъп) | 0.00 |
| Права за достъп | disable |
| 999 ## - СИСТЕМНИ КОНТРОЛНИ НОМЕРА | |
| Koha biblionumber | 35117 |
| Koha biblioitemnumber | 35117 |
| 942 ## - АРТИКУЛИ | |
| Вид на библиотечния материал | Книги |
| Скрит в OPAC | Не |
| Koha issues (borrowed), all copies | 1 |
| Периодичен библиозапис | Да |
| 944 ## - СЪЗДАВАНЕ И РЕДАКЦИЯ на ЗАПИСА | |
| Създаване/Редакция | Създаване |
| Дата на регистрацията/редакция | 04.01.2017 |
| Служител, извършил регистрацията/редакцията | Кина_Георгиева |
| 944 ## - СЪЗДАВАНЕ И РЕДАКЦИЯ на ЗАПИСА | |
| Създаване/Редакция | Редакция |
| Дата на регистрацията/редакция | 04.01.2017 |
| Служител, извършил регистрацията/редакцията | Кина_Георгиева |
| 999 ## - СИСТЕМНИ КОНТРОЛНИ НОМЕРА | |
| Koha biblioitemnumber | 35117 |
| Код за отписване | Код за изгубен артикул | Източник на класификационната схема | Код за повреда | Коз за рестрикции | Код за отдаване | Артикулен № | Име на библиотеката - собственик | Име на библиотеката, в която се намира в момента | Статус (Текущо местоположение) | Дата на вписване в системата | Местоположение - отдел | Цена в лева | Инвентарен номер | Систематично азбучна сигнатура | Баркод | Номер на екземпляра | Цена в евро | Служебна бележка | Служебен тип на артикула |
|---|---|---|---|---|---|---|---|---|---|---|---|---|---|---|---|---|---|---|---|
| Не е изгубен | Universal Decimal Classification | Не е повреден | само за читалня | ползва се в читалня | 55575 | Регионална библиотека "Любен Каравелов" Русе | Регионална библиотека "Любен Каравелов" Русе | Хранилище | 1977-01-01 | Хранилище | 1.38 | 224986 | Цб 85265 | 120000224986 | 1 | 0.71 | N: стар фонд Дата: 01.01.1977 | Книги | |
| Изтеглен | Не е изгубен | Universal Decimal Classification | Не е повреден | без рестрикции | заемане за дома | 55576 | Регионална библиотека "Любен Каравелов" Русе | Регионална библиотека "Любен Каравелов" Русе | Заемна - подръчен фонд | 1977-01-01 | Заемна - подръчен фонд | 1.38 | 225023 | П 579/П 84 | 225023 | 2 | 0.71 | N: стар фонд Дата: 01.01.1977 Дата инв: 16.02.2018 Бележки инв: П2018 | Книги |